000 00297nam a2200121Ia 4500
008 190216s9999||||xx |||||||||||||| ||und||
100 _aBhattacharya A B
245 0 _aEconomic Palnning In India And Abroad
260 _bVikas Publishing House
300 _a267
650 _aEconomics
942 _cBK
999 _c9313
_d9313